000 00682na a2200217 4500
001 18863
003 MIRAKIL
005 20181213155048.0
008 161202b tu 000 0
040 _aMilas
_btur
_cTR-AnCHP
041 _atur
082 _a338.6046
_bH32 [t.y.]
090 _a338.6046 H32 [t.y.]
245 _aHediyelik santral
_bEnerjinin özelleştirilmesine hayır
_cTES-İŞ
246 _aEnerjinin özelleştirilmesine hayır
260 _a[y.y.]
_b[yayl.y.]
_c[t.y.]
300 _a102 s.
_btbl.
_c19 sm.
650 _aÖzelleştirme
_xEnerji sektörü
_zTürkiye
710 _aTürkiye Enerji, Su ve Gaz İşçileri Sendiikası (TES-İŞ)
942 _2ddc
_cBKS
999 _c5823
_d5823